000
00334pab a2200133 454500
008
180718b xxu||||| |||| 00| 0 eng d
100
_a
Kapoor, Virendra
245
_a
Rao's one year in office
650
_a
Narasimha Rao, P.V
650
_a
Prime Minister
650
_a
Government, Central
773
_a
Indian express
909
_a
21775
999
_c
21775
_d
21775